[Event "LTU-chT"]
[Site "Lithuania"]
[Date "2021.05.14"]
[Round "5.2"]
[White "Klabis, Rokas"]
[Black "Miknevicius, Laurynas"]
[Result "1-0"]
[WhiteElo "2329"]
[BlackElo "2186"]
[PlyCount "79"]
[EventDate "2021.05.07"]
[EventType "team-swiss"]
[EventRounds "7"]
[EventCountry "LTU"]
[SourceTitle "CBM 202 Extra"]
[Source "ChessBase"]
[SourceDate "2021.07.31"]
[SourceVersion "1"]
[SourceVersionDate "2021.07.31"]
[SourceQuality "1"]
[WhiteTeam "Vilnius MRU"]
[BlackTeam "Kaunas Margiris"]
[WhiteTeamCountry "LTU"]
[BlackTeamCountry "LTU"]

1. e4 c5 2. Nf3 g6 3. Nc3 Bg7 4. g3 Nc6 5. Bg2 e6 6. 0-0 Nge7 7. Ne2 d5 8. exd5 exd5 9. d4 c4 10. b3 b5 11. c3 0-0 12. Bg5 Re8 13. a4 Ba6 14. b4 Qd7 15. Bxe7 Nxe7 16. Re1 bxa4 17. Rxa4 Bb5 18. Ra5 a6 19. Nf4 Nc6 20. Ra2 Bh6 21. Ne5 Nxe5 22. Nxd5 Ng4 23. Rxe8+ Rxe8 24. h3 Bc6 25. Qxg4 Re6 26. Nb6 Qe8 27. d5 Re1+ 28. Kh2 Be3 29. Nxc4 Bd7 30. Qf3 Bg5 31. Nd6 Qe7 32. Ne4 f5 33. Nxg5 Qxg5 34. Re2 Rb1 35. Qe3 Qf6 36. Qe7 Qxe7 37. Rxe7 Bb5 38. d6 Rd1 39. c4 Bxc4 40. d7 1-0

[Event "LTU-ch Amateurs"]
[Site "Kaunas"]
[Date "2020.08.29"]
[Round "5"]
[White "Miknevicius, Laurynas"]
[Black "Mickus, Benas"]
[Result "1-0"]
[WhiteElo "2192"]
[BlackElo "1910"]
[PlyCount "69"]
[EventDate "2020.08.27"]
[EventType "swiss"]
[EventRounds "7"]
[EventCountry "LTU"]
[SourceTitle "EXT 2022"]
[Source "ChessBase"]
[SourceDate "2021.10.06"]
[SourceVersion "1"]
[SourceVersionDate "2021.10.06"]
[SourceQuality "1"]

1. d4 e6 2. Nf3 f5 3. c4 Nf6 4. Nc3 d5 5. Bf4 Be7 6. e3 0-0 7. Bd3 c6 8. Qc2 Na6 9. a3 Nc7 10. Rd1 a6 11. c5 Ne4 12. g4 Ne8 13. Na4 Nc7 14. Nb6 Rb8 15. Rg1 Bd7 16. Nxd7 Qxd7 17. Ke2 Qd8 18. Ne5 Bg5 19. f3 Bxf4 20. exf4 Qh4 21. Rg2 Rbe8 22. Rdg1 Re7 23. Qb3 Qh6 24. fxe4 fxe4 25. Bc2 Qxf4 26. Qe3 g5 27. Rf2 Qxf2+ 28. Qxf2 Rxf2+ 29. Kxf2 Re8 30. Bd1 Kg7 31. Be2 h6 32. Ke3 Rf8 33. Rc1 Re8 34. b4 a5 35. b5 1-0

[Event "LTU-ch Amateurs"]
[Site "Kaunas"]
[Date "2020.08.29"]
[Round "4"]
[White "Sarauskas, Andrius"]
[Black "Miknevicius, Laurynas"]
[Result "1/2-1/2"]
[WhiteElo "1919"]
[BlackElo "2192"]
[PlyCount "58"]
[EventDate "2020.08.27"]
[EventType "swiss"]
[EventRounds "7"]
[EventCountry "LTU"]
[SourceTitle "EXT 2022"]
[Source "ChessBase"]
[SourceDate "2021.10.06"]
[SourceVersion "1"]
[SourceVersionDate "2021.10.06"]
[SourceQuality "1"]

1. Nf3 g6 2. c4 Bg7 3. g3 e5 4. Nc3 Nc6 5. Bg2 d6 6. 0-0 f5 7. d3 Nf6 8. Nd5 0-0 9. Bg5 Be6 10. Rc1 h6 11. Nxf6+ Bxf6 12. Bxh6 Rf7 13. h4 f4 14. Ng5 Bxg5 15. Bxg5 Qd7 16. e3 fxg3 17. fxg3 Rxf1+ 18. Qxf1 Rf8 19. Qe2 Bg4 20. Qd2 Bh3 21. a3 Qg4 22. Bxh3 Qxh3 23. Qg2 Qg4 24. Kh2 e4 25. d4 Rf3 26. b4 Qf5 27. Bf4 a6 28. Rf1 Rxf1 29. Qxf1 d5 1/2-1/2

[Event "LTU-ch Amateurs"]
[Site "Kaunas"]
[Date "2020.08.28"]
[Round "3"]
[White "Miknevicius, Laurynas"]
[Black "Greicius, Pijus"]
[Result "1/2-1/2"]
[WhiteElo "2192"]
[BlackElo "1954"]
[PlyCount "94"]
[EventDate "2020.08.27"]
[EventType "swiss"]
[EventRounds "7"]
[EventCountry "LTU"]
[SourceTitle "EXT 2022"]
[Source "ChessBase"]
[SourceDate "2021.10.06"]
[SourceVersion "1"]
[SourceVersionDate "2021.10.06"]
[SourceQuality "1"]

1. d4 Nf6 2. c4 e6 3. Nf3 d5 4. Nc3 dxc4 5. e3 a6 6. a4 b6 7. Bxc4 Bb7 8. 0-0 Bb4 9. Qe2 Nbd7 10. Rd1 0-0 11. d5 exd5 12. Nxd5 Nxd5 13. Bxd5 Bxd5 14. Rxd5 c6 15. Rd1 Qc7 16. Qc4 Bd6 17. h3 Ne5 18. Nxe5 Bxe5 19. Ra3 Rad8 20. Rad3 a5 21. b3 Rxd3 22. Rxd3 h6 23. e4 Rd8 24. Be3 Rd6 25. Kf1 Rxd3 26. Qxd3 Bf4 27. Bxf4 Qxf4 28. Qd8+ Kh7 29. Qxb6 Qxe4 30. Qxa5 Qb1+ 31. Ke2 Qc2+ 32. Qd2 Qe4+ 33. Qe3 Qxg2 34. a5 Qh2 35. Kd3 Qb8 36. b4 g6 37. Qe4 Qc8 38. Kc4 Qa6+ 39. Kc5 Qb5+ 40. Kd6 Qb8+ 41. Ke7 Kg8 42. Qd4 Qc7+ 43. Kf6 Kf8 44. Qc5+ Kg8 45. Qd4 Kf8 46. Qc5+ Kg8 47. Qd4 Kf8 1/2-1/2

[Event "LTU-chT rapid"]
[Site "Marijampole"]
[Date "2018.11.11"]
[Round "5.7"]
[White "Jankunas, Tomas"]
[Black "Miknevicius, Laurynas"]
[Result "1-0"]
[WhiteElo "2126"]
[BlackElo "2168"]
[PlyCount "127"]
[EventDate "2018.11.10"]
[EventType "team-swiss (rapid)"]
[EventRounds "7"]
[EventCountry "LTU"]
[SourceTitle "EXT 2020"]
[Source "ChessBase"]
[SourceDate "2019.10.17"]
[SourceVersion "1"]
[SourceVersionDate "2019.10.17"]
[SourceQuality "1"]

1. e4 c5 2. c3 Nf6 3. e5 Nd5 4. d4 cxd4 5. Nf3 Nc6 6. cxd4 d6 7. Bc4 e6 8. 0-0 Be7 9. Qe2 0-0 10. Nc3 Nb6 11. Bd3 dxe5 12. dxe5 Nd4 13. Qe4 Nxf3+ 14. Qxf3 Qd4 15. Re1 Rd8 16. Bc2 Nd5 17. Re4 Qc5 18. Qh3 f5 19. exf6 Nxf6 20. Re1 Qh5 21. Qxh5 Nxh5 22. Bb3 Bb4 23. Re5 Nf6 24. Bg5 Bxc3 25. bxc3 Kf7 26. Rae1 Rd6 27. R5e3 Bd7 28. Bf4 Rb6 29. Be5 Re8 30. Bd4 Ra6 31. h3 Ba4 32. Bc4 Rc6 33. Bd3 a6 34. Rf3 h6 35. Rg3 Re7 36. Re5 Bd1 37. Bg6+ Kf8 38. Bc5 Nd7 39. Bxe7+ Kxe7 40. Re1 Ba4 41. Be4 Rc7 42. Rxg7+ Kd6 43. Rg3 Nc5 44. Rge3 Bb5 45. Bc2 Bc4 46. Rd1+ Ke7 47. Rg3 Kf7 48. a3 Bd5 49. Rd4 Rc8 50. Rdg4 Kf6 51. Rg6+ Ke5 52. Re3+ Kd6 53. Rxh6 Nd7 54. Be4 Bxe4 55. Rxe4 Rxc3 56. Rhxe6+ Kd5 57. Re3 Rc1+ 58. Kh2 a5 59. Re8 Nc5 60. h4 b5 61. h5 b4 62. axb4 axb4 63. h6 b3 64. Rxb3 1-0

[Event "LTU-chT"]
[Site "Lithuania"]
[Date "2017.01.28"]
[Round "1.1"]
[White "Buivydas, Skirmantas"]
[Black "Miknevicius, Laurynas"]
[Result "0-1"]
[WhiteElo "1789"]
[BlackElo "2181"]
[PlyCount "54"]
[EventDate "2017.01.28"]
[EventType "team-swiss"]
[EventRounds "7"]
[EventCountry "LTU"]
[SourceTitle "CBM 176 Extra"]
[Source "ChessBase"]
[SourceDate "2017.03.02"]
[SourceVersion "1"]
[SourceVersionDate "2017.03.02"]
[SourceQuality "1"]
[WhiteTeam "Klaipeda"]
[BlackTeam "Kaunas Margiris"]
[WhiteTeamCountry "LTU"]
[BlackTeamCountry "LTU"]

1. Nf3 d5 2. d4 c6 3. Bf4 Qb6 4. Qc1 Nf6 5. e3 Bf5 6. h3 Nbd7 7. Be2 e6 8. 0-0 h6 9. Ne5 Be7 10. Nd2 0-0 11. g4 Bh7 12. c4 c5 13. dxc5 Nxc5 14. b3 Rac8 15. Qb2 Rfd8 16. Rad1 Nfe4 17. Nef3 Na4 18. Qa1 Bf6 19. Be5 Nac3 20. Rde1 Bxe5 21. Nxe5 Nxd2 22. Qxc3 Nxf1 23. Bxf1 d4 24. exd4 Qxd4 25. Qf3 f6 26. Nd3 Bxd3 27. Rd1 Be4 0-1

[Event "EU-ch U18 26th"]
[Site "Prague"]
[Date "2016.08.27"]
[Round "9"]
[White "Miknevicius, Laurynas"]
[Black "Rajic, Ivan"]
[Result "1-0"]
[WhiteElo "2150"]
[BlackElo "1922"]
[PlyCount "65"]
[EventDate "2016.08.18"]
[EventType "swiss"]
[EventRounds "9"]
[EventCountry "CZE"]
[SourceTitle "CBM 174 Extra"]
[Source "ChessBase"]
[SourceDate "2016.10.10"]
[SourceVersion "1"]
[SourceVersionDate "2016.10.10"]
[SourceQuality "1"]

1. d4 Nf6 2. c4 e6 3. Nf3 d5 4. Nc3 c6 5. Bg5 Nbd7 6. cxd5 exd5 7. e3 Be7 8. Qc2 0-0 9. Bd3 Re8 10. h3 b6 11. 0-0 Bb7 12. Rfd1 Nf8 13. Bf4 Ng6 14. Bh2 Bd6 15. Bxd6 Qxd6 16. Rac1 Rac8 17. Qa4 a6 18. Qb3 Nd7 19. Bf5 b5 20. Na4 bxa4 21. Qxb7 Rc7 22. Qxa6 Rb8 23. Bxd7 Qxd7 24. Rd2 Ne7 25. Ne5 Qd6 26. Qxa4 c5 27. Nd3 cxd4 28. Qxd4 Rxc1+ 29. Nxc1 Rb4 30. Qd3 Qe5 31. Nb3 Qc7 32. Rc2 Rc4 33. Nd4 1-0

[Event "EU-ch U18 26th"]
[Site "Prague"]
[Date "2016.08.26"]
[Round "8"]
[White "Radulescu, Vlad Alexandru"]
[Black "Miknevicius, Laurynas"]
[Result "1/2-1/2"]
[WhiteElo "2029"]
[BlackElo "2150"]
[PlyCount "74"]
[EventDate "2016.08.18"]
[EventType "swiss"]
[EventRounds "9"]
[EventCountry "CZE"]
[SourceTitle "CBM 174 Extra"]
[Source "ChessBase"]
[SourceDate "2016.10.10"]
[SourceVersion "1"]
[SourceVersionDate "2016.10.10"]
[SourceQuality "1"]

1. e4 c5 2. c4 Nc6 3. Nc3 g6 4. g3 Bg7 5. Bg2 d6 6. Nge2 e6 7. 0-0 Nge7 8. a3 0-0 9. Rb1 b6 10. d3 Bb7 11. Be3 Nd4 12. Bxd4 cxd4 13. Nb5 e5 14. a4 f5 15. f3 a6 16. Na3 fxe4 17. fxe4 Bh6 18. Qb3 Kh8 19. Rxf8+ Bxf8 20. Rf1 Bc8 21. Kh1 Be6 22. Ng1 Bh6 23. Bh3 Bg8 24. Nf3 Nc6 25. Bg4 Na5 26. Qd1 Nb7 27. h4 Qe7 28. Nh2 Nc5 29. Bh3 Rf8 30. Rxf8 Qxf8 31. Ng4 Be6 32. b4 Nxa4 33. Qxa4 Bxg4 34. Bxg4 Qf1+ 35. Kh2 Qf2+ 36. Kh3 Qf1+ 37. Kh2 Qf2+ 1/2-1/2

[Event "EU-ch U18 26th"]
[Site "Prague"]
[Date "2016.08.19"]
[Round "2"]
[White "Kaczur, Florian"]
[Black "Miknevicius, Laurynas"]
[Result "1-0"]
[WhiteElo "2426"]
[BlackElo "2150"]
[PlyCount "83"]
[EventDate "2016.08.18"]
[EventType "swiss"]
[EventRounds "9"]
[EventCountry "CZE"]
[SourceTitle "CBM 174 Extra"]
[Source "ChessBase"]
[SourceDate "2016.10.10"]
[SourceVersion "1"]
[SourceVersionDate "2016.10.10"]
[SourceQuality "1"]

1. c4 c6 2. Nf3 d5 3. e3 g6 4. d4 Bg7 5. Bd3 Nf6 6. 0-0 0-0 7. Nc3 Bf5 8. Bxf5 gxf5 9. b3 Nbd7 10. Bb2 Ne4 11. Ne2 e6 12. Nf4 Ndf6 13. Qe2 Rc8 14. Rfc1 Qa5 15. Ne5 h6 16. f3 Ng5 17. c5 Qd8 18. b4 Nd7 19. h4 Nxe5 20. dxe5 Nh7 21. Qf2 Qc7 22. Qg3 Kh8 23. Nh5 Rg8 24. Qf4 Nf8 25. Qd4 Ng6 26. f4 Qe7 27. g3 Nf8 28. Kf2 Nd7 29. Rg1 Bf8 30. Nf6 Nxf6 31. exf6 Qc7 32. h5 Rg4 33. Qe5 Qd8 34. Bd4 Qd7 35. a4 Qd8 36. a5 b6 37. axb6 axb6 38. Ra7 bxc5 39. bxc5 Kg8 40. Rb1 Qe8 41. Rbb7 Ra8 42. Rxf7 1-0

[Event "EU-ch U18 26th"]
[Site "Prague"]
[Date "2016.08.18"]
[Round "1"]
[White "Miknevicius, Laurynas"]
[Black "Kantor, Gergely"]
[Result "1/2-1/2"]
[WhiteElo "2150"]
[BlackElo "2411"]
[PlyCount "41"]
[EventDate "2016.08.18"]
[EventType "swiss"]
[EventRounds "9"]
[EventCountry "CZE"]
[SourceTitle "CBM 174 Extra"]
[Source "ChessBase"]
[SourceDate "2016.10.10"]
[SourceVersion "1"]
[SourceVersionDate "2016.10.10"]
[SourceQuality "1"]

1. d4 Nf6 2. c4 e6 3. Nf3 d5 4. Nc3 c6 5. Bg5 h6 6. Bxf6 Qxf6 7. e3 Nd7 8. Bd3 dxc4 9. Bxc4 g6 10. 0-0 Bg7 11. e4 e5 12. d5 Nb6 13. Bb3 Bg4 14. dxc6 bxc6 15. Qe2 0-0 16. Rfd1 Rad8 17. Rd3 Rfe8 18. h3 Bc8 19. Rd2 Bf8 20. Rc1 Bb7 21. Na4 1/2-1/2

[Event "Kaunas Butnorius 70 op"]
[Site "Kaunas"]
[Date "2016.08.03"]
[Round "5"]
[White "Miknevicius, Laurynas"]
[Black "Karasev, Vladimir I"]
[Result "1/2-1/2"]
[WhiteElo "2150"]
[BlackElo "2367"]
[PlyCount "26"]
[EventDate "2016.08.01"]
[EventType "swiss"]
[EventRounds "9"]
[EventCountry "LTU"]
[SourceTitle "CBM 173 Extra"]
[Source "ChessBase"]
[SourceDate "2016.08.29"]
[SourceVersion "1"]
[SourceVersionDate "2016.08.29"]
[SourceQuality "1"]

1. Nf3 d5 2. d4 Nf6 3. c4 e6 4. Nc3 Be7 5. Bg5 0-0 6. e3 h6 7. Bh4 Ne4 8. Bxe7 Qxe7 9. Rc1 Nxc3 10. Rxc3 c6 11. Qc2 Nd7 12. cxd5 exd5 13. Bd3 Nf6 1/2-1/2

[Event "Kaunas Butnorius 70 op"]
[Site "Kaunas"]
[Date "2016.08.01"]
[Round "1"]
[White "Markova, Kristyna"]
[Black "Miknevicius, Laurynas"]
[Result "0-1"]
[WhiteElo "1536"]
[BlackElo "2150"]
[PlyCount "40"]
[EventDate "2016.08.01"]
[EventType "swiss"]
[EventRounds "9"]
[EventCountry "LTU"]
[SourceTitle "CBM 173 Extra"]
[Source "ChessBase"]
[SourceDate "2016.08.29"]
[SourceVersion "1"]
[SourceVersionDate "2016.08.29"]
[SourceQuality "1"]

1. e4 c5 2. Nf3 g6 3. d4 cxd4 4. Nxd4 Nc6 5. Nc3 Bg7 6. Be3 Nf6 7. Bc4 0-0 8. h4 Nxe4 9. Bxf7+ Rxf7 10. Nxe4 Nxd4 11. Bxd4 Rf4 12. f3 Qa5+ 13. Kf2 d5 14. Bxg7 dxe4 15. Bh6 Rf7 16. Qe2 exf3 17. gxf3 Bg4 18. Rhe1 Rxf3+ 19. Qxf3 Bxf3 20. Kxf3 Qh5+ 0-1

[Event "Panevezys op-A"]
[Site "Panevezys"]
[Date "2016.06.09"]
[Round "5"]
[White "Miknevicius, Laurynas"]
[Black "Drill, Frank J"]
[Result "1-0"]
[WhiteElo "2089"]
[BlackElo "2049"]
[PlyCount "89"]
[EventDate "2016.06.06"]
[EventType "swiss"]
[EventRounds "9"]
[EventCountry "LTU"]
[SourceTitle "CBM 172 Extra"]
[Source "ChessBase"]
[SourceDate "2016.06.21"]
[SourceVersion "1"]
[SourceVersionDate "2016.06.21"]
[SourceQuality "1"]

1. d4 d5 2. c4 Bf5 3. cxd5 Bxb1 4. Qa4+ c6 5. Rxb1 Qxd5 6. Nf3 Nd7 7. e3 Nb6 8. Qc2 e6 9. b4 f5 10. Bd3 Nf6 11. 0-0 Bd6 12. a4 0-0 13. a5 Nc8 14. Bc4 Qe4 15. Qxe4 Nxe4 16. Bxe6+ Kh8 17. Nd2 Nc3 18. Rb3 Ne2+ 19. Kh1 Nxc1 20. Rxc1 a6 21. Nf3 h6 22. Ne5 Rf6 23. Nf7+ Kh7 24. Nxd6 Nxd6 25. Bc4 Nxc4 26. Rxc4 Rd8 27. Rd3 Kg6 28. Kg1 Kf7 29. f3 Re6 30. Kf2 Rd5 31. Rc5 Red6 32. Rxd5 Rxd5 33. Rc3 f4 34. Rc5 fxe3+ 35. Kxe3 Rd6 36. Ke4 Re6+ 37. Re5 Rd6 38. d5 cxd5+ 39. Rxd5 Re6+ 40. Kd4 Re7 41. Kc5 Ke8 42. Kb6 Re2 43. Kxb7 Rxg2 44. Kxa6 Rxh2 45. b5 1-0

[Event "LTU-chT"]
[Site "Lithuania"]
[Date "2016.02.06"]
[Round "3.4"]
[White "Miknevicius, Laurynas"]
[Black "Rimeikis, Andrius"]
[Result "1-0"]
[WhiteElo "2098"]
[BlackElo "2130"]
[PlyCount "79"]
[EventDate "2016.01.23"]
[EventType "team-swiss"]
[EventRounds "7"]
[EventCountry "LTU"]
[SourceTitle "CBM 170 Extra"]
[Source "ChessBase"]
[SourceDate "2016.02.25"]
[SourceVersion "1"]
[SourceVersionDate "2016.02.25"]
[SourceQuality "1"]
[WhiteTeam "Kaunas Milsa"]
[BlackTeam "Plunge Bokstas"]
[WhiteTeamCountry "LTU"]
[BlackTeamCountry "LTU"]

1. d4 d5 2. c4 c6 3. Nf3 Nf6 4. Nc3 a6 5. a4 e6 6. Bg5 h6 7. Bh4 Nbd7 8. cxd5 exd5 9. e3 Be7 10. Qc2 0-0 11. Bd3 Re8 12. 0-0 a5 13. Bg3 Nf8 14. h3 Ne6 15. Ne5 Nc7 16. Rac1 Na6 17. Na2 Be6 18. f4 Qb6 19. f5 Bc8 20. Bf2 Qd8 21. e4 Nxe4 22. Bxe4 dxe4 23. Be3 f6 24. Ng6 Nb4 25. Nxb4 Bxb4 26. Rf4 Qd5 27. Rcf1 b6 28. Rh4 Ra7 29. Qf2 Ba6 30. Rc1 c5 31. dxc5 Rc7 32. Nf4 Qxf5 33. Rh5 Qd7 34. Nd5 Rxc5 35. Bxc5 Bxc5 36. Ne3 Qd4 37. Re1 Rd8 38. Qg3 Qd2 39. Rxc5 bxc5 40. Nf5 1-0

[Event "LTU-chT"]
[Site "Lithuania"]
[Date "2016.01.24"]
[Round "2.4"]
[White "Tvarijonas, Tomas"]
[Black "Miknevicius, Laurynas"]
[Result "1-0"]
[WhiteElo "2310"]
[BlackElo "2098"]
[PlyCount "93"]
[EventDate "2016.01.23"]
[EventType "team-swiss"]
[EventRounds "7"]
[EventCountry "LTU"]
[SourceTitle "CBM 170 Extra"]
[Source "ChessBase"]
[SourceDate "2016.02.25"]
[SourceVersion "1"]
[SourceVersionDate "2016.02.25"]
[SourceQuality "1"]
[WhiteTeam "Kaunas Margiris"]
[BlackTeam "Kaunas Milsa"]
[WhiteTeamCountry "LTU"]
[BlackTeamCountry "LTU"]

1. e4 c5 2. Nf3 g6 3. d4 cxd4 4. Nxd4 Nc6 5. c4 Nf6 6. Nc3 Nxd4 7. Qxd4 d6 8. Be2 Bg7 9. Bg5 0-0 10. Qd2 Be6 11. f3 Qa5 12. Nd5 Qxd2+ 13. Kxd2 Bxd5 14. exd5 Rfc8 15. Rac1 Kf8 16. h4 Nd7 17. Rc2 Rc7 18. Rhc1 b6 19. Be3 Kg8 20. b4 Rac8 21. f4 e6 22. dxe6 fxe6 23. Bd3 Nf6 24. c5 dxc5 25. bxc5 Nd5 26. cxb6 Rxc2+ 27. Rxc2 Rxc2+ 28. Bxc2 axb6 29. Bf2 b5 30. Bd3 b4 31. g3 Nc3 32. Kc2 Nxa2 33. Bc4 Nc3 34. Bxe6+ Kh8 35. Kd3 Nb5 36. Kc4 Nc7 37. Bd7 b3 38. Kxb3 Nd5 39. Be6 Nf6 40. Kc4 Ne4 41. Be1 Bf6 42. Bd5 Nd6+ 43. Kd3 h5 44. Be6 Kg7 45. Bb4 Nf5 46. Bxf5 gxf5 47. Bc3 1-0

[Event "Palanga op"]
[Site "Palanga"]
[Date "2015.06.18"]
[Round "5"]
[White "Cerniauskas, Markas"]
[Black "Miknevicius, Laurynas"]
[Result "0-1"]
[WhiteElo "1761"]
[BlackElo "1994"]
[PlyCount "72"]
[EventDate "2015.06.15"]
[EventType "swiss"]
[EventRounds "9"]
[EventCountry "LTU"]
[SourceTitle "CBM 167 Extra"]
[Source "ChessBase"]
[SourceDate "2015.09.14"]
[SourceVersion "1"]
[SourceVersionDate "2015.09.14"]
[SourceQuality "1"]

1. d4 d5 2. Nf3 Nf6 3. Bf4 c5 4. c3 e6 5. e3 Bd6 6. Bb5+ Nc6 7. Ne5 Qc7 8. Qa4 Bd7 9. Nxd7 Nxd7 10. Bxd6 Qxd6 11. Nd2 0-0 12. 0-0 Rfc8 13. Rfc1 a6 14. Bxc6 Rxc6 15. b4 cxb4 16. cxb4 Rac8 17. Rxc6 Rxc6 18. b5 Nb6 19. Qa5 axb5 20. Nb3 g6 21. g3 Nc4 22. Qa8+ Kg7 23. Qxb7 Rb6 24. Qa7 h5 25. Nc5 h4 26. Kg2 Qd8 27. a4 bxa4 28. Rb1 h3+ 29. Kxh3 Qh8+ 30. Kg2 Rxb1 31. Qe7 Nxe3+ 32. Kf3 Qh5+ 33. Kxe3 Re1+ 34. Kd2 Qe2+ 35. Kc3 Qc4+ 36. Kb2 Re2+ 0-1

[Event "Palanga op"]
[Site "Palanga"]
[Date "2015.06.17"]
[Round "4"]
[White "Miknevicius, Laurynas"]
[Black "Bucinskas, Valdas"]
[Result "1/2-1/2"]
[WhiteElo "1994"]
[BlackElo "2355"]
[PlyCount "35"]
[EventDate "2015.06.15"]
[EventType "swiss"]
[EventRounds "9"]
[EventCountry "LTU"]
[SourceTitle "CBM 167 Extra"]
[Source "ChessBase"]
[SourceDate "2015.09.14"]
[SourceVersion "1"]
[SourceVersionDate "2015.09.14"]
[SourceQuality "1"]

1. d4 b5 2. e4 Bb7 3. f3 a6 4. Be3 e6 5. Nh3 Nf6 6. Be2 d6 7. 0-0 Nbd7 8. a4 b4 9. a5 c5 10. c3 bxc3 11. bxc3 Be7 12. Nd2 0-0 13. Qa4 Qc7 14. Rfb1 Rfb8 15. Qa2 Bd8 16. Nc4 Bc8 17. Bf4 Ne8 18. Nf2 1/2-1/2

[Event "LTU-ch sf"]
[Site "Vilnius"]
[Date "2015.02.20"]
[Round "3"]
[White "Brazdzionis, Andrius"]
[Black "Miknevicius, Laurynas"]
[Result "1-0"]
[WhiteElo "2195"]
[BlackElo "2037"]
[PlyCount "29"]
[EventDate "2015.02.18"]
[EventType "swiss"]
[EventRounds "8"]
[EventCountry "LTU"]
[SourceTitle "CBM 165 Extra"]
[Source "ChessBase"]
[SourceDate "2015.04.21"]
[SourceVersion "1"]
[SourceVersionDate "2015.04.21"]
[SourceQuality "1"]

1. d4 d5 2. Nf3 e6 3. c4 c5 4. Nc3 Nc6 5. cxd5 exd5 6. dxc5 d4 7. Na4 b5 8. cxb6 axb6 9. b3 Nf6 10. e3 Bb4+ 11. Bd2 dxe3 12. Bxb4 exf2+ 13. Kxf2 Nxb4 14. Bb5+ Ke7 15. Qe1+ 1-0

[Event "LTU-ch sf"]
[Site "Vilnius"]
[Date "2015.02.18"]
[Round "1"]
[White "Misiuk, Ernest"]
[Black "Miknevicius, Laurynas"]
[Result "0-1"]
[WhiteElo "1648"]
[BlackElo "2037"]
[PlyCount "46"]
[EventDate "2015.02.18"]
[EventType "swiss"]
[EventRounds "8"]
[EventCountry "LTU"]
[SourceTitle "CBM 165 Extra"]
[Source "ChessBase"]
[SourceDate "2015.04.21"]
[SourceVersion "1"]
[SourceVersionDate "2015.04.21"]
[SourceQuality "1"]

1. d4 d5 2. c4 e6 3. Nc3 c5 4. cxd5 exd5 5. Nf3 Nc6 6. Bf4 Nf6 7. e3 cxd4 8. Nxd4 Bb4 9. Bb5 Bd7 10. Rc1 0-0 11. Be2 Rc8 12. 0-0 Be6 13. Bg5 Be7 14. Bf3 h6 15. Bh4 Nxd4 16. Qxd4 Rc4 17. Bxf6 Rxd4 18. Bxd4 Qa5 19. Rfd1 Rd8 20. a3 a6 21. Be5 Rd7 22. Rc2 d4 23. Bxd4 Bb3 0-1

[Event "Vilnius op"]
[Site "Vilnius"]
[Date "2014.11.20"]
[Round "2"]
[White "Kovalev, Andrei"]
[Black "Miknevicius, Laurynas"]
[Result "1-0"]
[WhiteElo "2487"]
[BlackElo "2059"]
[PlyCount "107"]
[EventDate "2014.11.19"]
[EventType "swiss"]
[EventRounds "9"]
[EventCountry "LTU"]
[SourceTitle "CBM 163 Extra"]
[Source "ChessBase"]
[SourceDate "2014.12.23"]
[SourceVersion "1"]
[SourceVersionDate "2014.12.23"]
[SourceQuality "1"]

1. e4 c5 2. Nf3 g6 3. c3 Bg7 4. d4 cxd4 5. cxd4 d5 6. e5 Bg4 7. Bb5+ Nc6 8. Bxc6+ bxc6 9. Nbd2 Nh6 10. h3 Bxf3 11. Nxf3 Qa5+ 12. Bd2 Qb5 13. a4 Qa6 14. Qc1 Ng8 15. b4 Rc8 16. Qc5 e6 17. b5 cxb5 18. Qxb5+ Qxb5 19. axb5 Rc7 20. Bb4 Bf8 21. Bxf8 Kxf8 22. Kd2 Ne7 23. Rhc1 Rb7 24. Rc5 Kg7 25. Rac1 Rhb8 26. Rc7 h6 27. R1c5 Rxc7 28. Rxc7 Kf8 29. Rc5 Nc8 30. Nh2 Nb6 31. Ng4 Kg7 32. Nf6 Rb7 33. Ne8+ Kf8 34. Nd6 Rd7 35. Rc6 h5 36. h4 Re7 37. Kc3 Kg7 38. Kb4 f6 39. f4 fxe5 40. dxe5 d4 41. g3 Nd5+ 42. Kc4 d3 43. Kxd3 Nb4+ 44. Kd4 Nxc6+ 45. bxc6 Kf8 46. Kc5 a5 47. Kb6 a4 48. Nb5 Re8 49. c7 Ke7 50. Nd6 Rh8 51. Nc4 Rc8 52. Kb7 a3 53. Nxa3 Kd7 54. Nb5 1-0

[Event "Palanga Baltija op-A"]
[Site "Palanga"]
[Date "2014.06.20"]
[Round "7"]
[White "Miknevicius, Laurynas"]
[Black "Valantiejus, Vaidotas"]
[Result "1/2-1/2"]
[WhiteElo "2069"]
[BlackElo "1962"]
[PlyCount "119"]
[EventDate "2014.06.16"]
[EventType "swiss"]
[EventRounds "9"]
[EventCountry "LTU"]
[SourceTitle "CBM 161 Extra"]
[Source "ChessBase"]
[SourceDate "2014.08.29"]
[SourceVersion "1"]
[SourceVersionDate "2014.08.29"]
[SourceQuality "1"]

1. d4 Nf6 2. Nf3 e6 3. c4 c5 4. Nc3 cxd4 5. Nxd4 d5 6. g3 e5 7. Nf3 d4 8. Nb1 Nc6 9. Bg2 Bb4+ 10. Bd2 e4 11. Ng5 e3 12. fxe3 Ng4 13. Bxc6+ bxc6 14. Bxb4 Qxg5 15. exd4 Qe3 16. Qd2 Qf2+ 17. Kd1 Ne3+ 18. Kc1 Bf5 19. Nc3 0-0-0 20. Nd1 Qg2 21. Re1 Nc2 22. Ne3 Nxe3 23. Qxe3 Rhe8 24. Qf3 Qxf3 25. exf3 Rxe1+ 26. Bxe1 Rxd4 27. b3 Rd3 28. f4 Bg4 29. Rb1 Rd1+ 30. Kb2 Rxb1+ 31. Kxb1 a6 32. Kb2 g6 33. Kc3 Bf5 34. a3 h5 35. Bf2 Bb1 36. Kd4 Bc2 37. b4 Bb3 38. Kc5 Kb7 39. Bd4 Bc2 40. Bf6 Bb3 41. Bg5 Bc2 42. Kd4 Bb3 43. f5 Bc2 44. fxg6 fxg6 45. Kc5 Bb3 46. b5 axb5 47. cxb5 cxb5 48. Kxb5 Bc2 49. a4 Bd3+ 50. Kc5 Ka6 51. Bd8 Bc2 52. a5 Bb1 53. Kd5 Bc2 54. Ke5 Bb1 55. Kf6 Bc2 56. Kg5 Bd3 57. g4 hxg4 58. Kxg4 Bc2 59. h4 Bd3 60. h5 1/2-1/2

[Event "Palanga Baltija op-A"]
[Site "Palanga"]
[Date "2014.06.20"]
[Round "8"]
[White "Vainovska, Valentina"]
[Black "Miknevicius, Laurynas"]
[Result "0-1"]
[WhiteElo "1834"]
[BlackElo "2069"]
[PlyCount "72"]
[EventDate "2014.06.16"]
[EventType "swiss"]
[EventRounds "9"]
[EventCountry "LTU"]
[SourceTitle "CBM 161 Extra"]
[Source "ChessBase"]
[SourceDate "2014.08.29"]
[SourceVersion "1"]
[SourceVersionDate "2014.08.29"]
[SourceQuality "1"]

1. d4 d5 2. c4 e6 3. Nc3 Be7 4. Nf3 Nf6 5. e3 0-0 6. Bd3 c5 7. 0-0 dxc4 8. Bxc4 a6 9. a4 Nc6 10. b3 cxd4 11. exd4 Nb4 12. Re1 Bd7 13. Bb2 Bc6 14. Ne5 Rc8 15. Nxc6 Rxc6 16. Rc1 Qd7 17. Ne4 Rd8 18. Qe2 Nxe4 19. Qxe4 Bf6 20. Bc3 Na2 21. Rc2 Nxc3 22. Rxc3 Bxd4 23. Rh3 g6 24. Qh4 h5 25. Qg5 Rc5 26. Qh4 Rf5 27. Rf1 Bf6 28. Qe4 b5 29. axb5 axb5 30. Rd3 Bd4 31. Rfd1 e5 32. Rxd4 exd4 33. Bd3 Re8 34. Qh4 Rc5 35. h3 Rec8 36. Qg5 Rxg5 0-1